| 000 | 00441 a2200169 4500 | ||
|---|---|---|---|
| 001 | 111216 | ||
| 020 | _a9781553375968 | ||
| 041 | _apor | ||
| 090 | _aPL 222 SHA | ||
| 100 | _aShannon, Rosemarie. | ||
| 250 | _a. ed. | ||
| 856 | _u00001c/00001ce9.jpg | ||
| 040 |
_aBR-BrIDEA _cBR-BrIDEA |
||
| 245 | 1 | 0 |
_aKids can learn with Franklin vocabulary puzzles. Grade 1 _c Rosemarie Shannon |
| 260 |
_a[S.l.] _bKids Can Press _c2003 |
||
| 942 | _cBK | ||
| 999 |
_c111216 _d111216 |
||